[Event "Team Championship (men blitz)"]
[Site "Sochi"]
[Date "2017.10.05"]
[Round "5.15"]
[White "Gluhovsky, Mark"]
[Black "Levin, Evgeny A."]
[Result "0-1"]
[LiveChessVersion "1.4.8"]
[BlackElo "2546"]
[WhiteElo "2260"]

1. e4 {[%clk 0:03:01]} d5 {[%clk 0:03:03]} 2. exd5 {[%clk 0:03:02]} Qxd5
{[%clk 0:03:04]} 3. Nc3 {[%clk 0:03:03]} Qd8 {[%clk 0:03:05]} 4. d4
{[%clk 0:03:04]} c6 {[%clk 0:03:07]} 5. Bd3 {[%clk 0:03:04]} Nf6 {[%clk 0:03:02]}
6. Nge2 {[%clk 0:02:59]} Bg4 {[%clk 0:02:57]} 7. f3 {[%clk 0:02:56]} Bh5
{[%clk 0:02:58]} 8. Be3 {[%clk 0:02:56]} e6 {[%clk 0:02:58]} 9. Nf4
{[%clk 0:02:51]} Bg6 {[%clk 0:02:59]} 10. Nxg6 {[%clk 0:02:48]} hxg6
{[%clk 0:03:00]} 11. Qd2 {[%clk 0:02:48]} Nbd7 {[%clk 0:03:00]} 12. O-O-O
{[%clk 0:02:46]} Bb4 {[%clk 0:03:01]} 13. a3 {[%clk 0:02:38]} Ba5
{[%clk 0:03:01]} 14. Bc4 {[%clk 0:02:07]} Nb6 {[%clk 0:02:53]} 15. Bb3
{[%clk 0:02:08]} Nbd5 {[%clk 0:02:53]} 16. Qd3 {[%clk 0:02:09]} Nxc3
{[%clk 0:01:54]} 17. bxc3 {[%clk 0:02:09]} Nd5 {[%clk 0:01:54]} 18. Bd2
{[%clk 0:02:02]} b5 {[%clk 0:01:55]} 19. c4 {[%clk 0:01:56]} bxc4
{[%clk 0:01:48]} 20. Qxc4 {[%clk 0:01:56]} O-O {[%clk 0:01:38]} 21. c3
{[%clk 0:01:37]} Rb8 {[%clk 0:01:28]} 22. Kc2 {[%clk 0:01:37]} Bxc3
{[%clk 0:01:24]} 23. Rhe1 {[%clk 0:01:30]} Bxd2 {[%clk 0:01:23]} 24. Rxd2
{[%clk 0:01:29]} Qa5 {[%clk 0:01:22]} 25. Qc5 {[%clk 0:01:26]} Qa6
{[%clk 0:01:08]} 26. Bc4 {[%clk 0:01:14]} Qa4+ {[%clk 0:01:01]} 27. Kd3
{[%clk 0:01:11]} Rb6 {[%clk 0:00:52]} 28. Rc1 {[%clk 0:00:58]} Rfb8
{[%clk 0:00:50]} 29. Bxd5 {[%clk 0:00:45]} cxd5 {[%clk 0:00:47]} 30. Rc3
{[%clk 0:00:45]} Rb3 {[%clk 0:00:43]} 31. Rdc2 {[%clk 0:00:44]} Rxc3+
{[%clk 0:00:40]} 32. Qxc3 {[%clk 0:00:44]} Rb3 {[%clk 0:00:41]} 0-1

[Event "Team Championship (men blitz)"]
[Site "Sochi"]
[Date "2017.10.05"]
[Round "5.16"]
[White "Usmanov, Vasily"]
[Black "Barskij, Vladimir"]
[Result "1/2-1/2"]
[LiveChessVersion "1.4.8"]
[BlackElo "2255"]
[WhiteElo "2441"]

1. d4 {[%clk 0:03:03]} Nf6 {[%clk 0:03:03]} 2. c4 {[%clk 0:03:05]} e6
{[%clk 0:03:05]} 3. Nc3 {[%clk 0:03:06]} d5 {[%clk 0:03:06]} 4. Bg5
{[%clk 0:03:05]} Be7 5. e3 O-O {[%clk 0:03:07]} 6. Rc1 {[%clk 0:03:08]} Nbd7
{[%clk 0:03:07]} 7. Bd3 {[%clk 0:03:07]} a6 {[%clk 0:03:04]} 8. cxd5
{[%clk 0:03:07]} exd5 {[%clk 0:03:05]} 9. Nf3 {[%clk 0:02:57]} c6
{[%clk 0:03:05]} 10. h3 {[%clk 0:02:49]} Re8 {[%clk 0:03:06]} 11. O-O
{[%clk 0:02:41]} Bd6 {[%clk 0:02:49]} 12. Qc2 {[%clk 0:02:41]} Nf8
{[%clk 0:02:49]} 13. e4 {[%clk 0:02:41]} dxe4 {[%clk 0:02:47]} 14. Nxe4
{[%clk 0:02:42]} Be7 {[%clk 0:02:48]} 15. Nc5 {[%clk 0:02:06]} Nd5
{[%clk 0:02:23]} 16. Bxe7 {[%clk 0:02:04]} Rxe7 {[%clk 0:02:23]} 17. a3
{[%clk 0:02:02]} Nf4 {[%clk 0:02:17]} 18. Bc4 {[%clk 0:01:43]} N8e6
{[%clk 0:02:08]} 19. Rfe1 {[%clk 0:01:37]} Nxc5 {[%clk 0:01:38]} 20. Rxe7
{[%clk 0:01:29]} Qxe7 {[%clk 0:01:38]} 21. dxc5 {[%clk 0:01:29]} Be6
{[%clk 0:01:39]} 22. Re1 {[%clk 0:01:26]} Qxc5 {[%clk 0:01:31]} 23. Re4
{[%clk 0:01:18]} Bf5 {[%clk 0:01:09]} 24. Bxf7+ {[%clk 0:01:18]} 1/2-1/2

[Event "Team Championship (men blitz)"]
[Site "Sochi"]
[Date "2017.10.05"]
[Round "5.17"]
[White "Pogromsky, Mikhail"]
[Black "Grachev, Boris"]
[Result "0-1"]
[LiveChessVersion "1.4.8"]
[BlackElo "2625"]
[WhiteElo "2450"]

1. d4 {[%clk 0:03:03]} d5 {[%clk 0:03:03]} 2. Nc3 {[%clk 0:03:04]} Nf6
{[%clk 0:03:00]} 3. Bg5 {[%clk 0:03:05]} e6 {[%clk 0:02:55]} 4. e4
{[%clk 0:03:06]} dxe4 {[%clk 0:02:54]} 5. Nxe4 {[%clk 0:03:07]} Nbd7
{[%clk 0:02:55]} 6. Nf3 {[%clk 0:03:06]} h6 {[%clk 0:02:55]} 7. Bh4
{[%clk 0:03:04]} Be7 {[%clk 0:02:33]} 8. Nxf6+ {[%clk 0:03:04]} Nxf6
{[%clk 0:02:33]} 9. Bd3 {[%clk 0:02:43]} c5 {[%clk 0:02:32]} 10. dxc5
{[%clk 0:02:34]} Qa5+ {[%clk 0:02:33]} 11. Qd2 {[%clk 0:02:32]} Qxd2+
{[%clk 0:02:26]} 12. Nxd2 {[%clk 0:02:00]} Bxc5 {[%clk 0:02:26]} 13. O-O
{[%clk 0:01:52]} Bd7 {[%clk 0:02:20]} 14. Bg3 {[%clk 0:01:37]} Bc6
{[%clk 0:02:17]} 15. a3 {[%clk 0:01:28]} a5 {[%clk 0:01:56]} 16. Rfe1
{[%clk 0:01:27]} O-O {[%clk 0:01:40]} 17. Ne4 {[%clk 0:01:20]} Nxe4
{[%clk 0:01:36]} 18. Bxe4 {[%clk 0:01:21]} Bxe4 {[%clk 0:01:26]} 19. Rxe4
{[%clk 0:01:22]} Rfd8 {[%clk 0:01:27]} 20. Bf4 {[%clk 0:01:15]} Rac8
{[%clk 0:01:20]} 21. c3 {[%clk 0:00:56]} g5 {[%clk 0:01:18]} 22. Be3
{[%clk 0:00:47]} Bxe3 {[%clk 0:01:17]} 23. Rxe3 {[%clk 0:00:48]} Rd2
{[%clk 0:01:13]} 24. Rb1 {[%clk 0:00:47]} Rc5 {[%clk 0:00:58]} 25. Kf1
{[%clk 0:00:40]} a4 {[%clk 0:00:36]} 26. Re2 {[%clk 0:00:35]} Rd6
{[%clk 0:00:35]} 27. Ke1 {[%clk 0:00:33]} Rcd5 {[%clk 0:00:34]} 28. Re4
{[%clk 0:00:32]} b5 {[%clk 0:00:34]} 29. c4 {[%clk 0:00:31]} bxc4
{[%clk 0:00:23]} 30. Rxc4 {[%clk 0:00:32]} Re5+ {[%clk 0:00:26]} 31. Kf1
{[%clk 0:00:33]} Rd2 {[%clk 0:00:26]} 32. Re1 {[%clk 0:00:29]} Rb5
{[%clk 0:00:17]} 33. Re2 {[%clk 0:00:25]} Rd1+ {[%clk 0:00:17]} 34. Re1
{[%clk 0:00:26]} Rd2 35. Re2 Rd1+ {[%clk 0:00:12]} 36. Re1 {[%clk 0:00:30]} Rd3
{[%clk 0:00:07]} 37. Re2 {[%clk 0:00:23]} Kg7 {[%clk 0:00:08]} 38. Rxa4
{[%clk 0:00:19]} Rd1+ {[%clk 0:00:09]} 39. Re1 {[%clk 0:00:21]} Rxe1+
{[%clk 0:00:09]} 40. Kxe1 {[%clk 0:00:22]} Rxb2 {[%clk 0:00:10]} 41. h4
{[%clk 0:00:20]} Ra2 {[%clk 0:00:08]} 42. hxg5 {[%clk 0:00:21]} hxg5
{[%clk 0:00:10]} 43. g4 {[%clk 0:00:19]} Kf6 {[%clk 0:00:10]} 44. Ra5
{[%clk 0:00:19]} Kg6 {[%clk 0:00:11]} 45. Kf1 {[%clk 0:00:19]} f5
{[%clk 0:00:07]} 46. gxf5+ {[%clk 0:00:20]} exf5 {[%clk 0:00:09]} 47. Kg2
{[%clk 0:00:20]} g4 {[%clk 0:00:07]} 48. Kg3 {[%clk 0:00:18]} Rb2
{[%clk 0:00:07]} 49. Re5 {[%clk 0:00:09]} Kg5 {[%clk 0:00:05]} 50. f4+
{[%clk 0:00:09]} Kf6 {[%clk 0:00:06]} 51. Re3 {[%clk 0:00:09]} Ra2
{[%clk 0:00:06]} 52. Rb3 {[%clk 0:00:10]} Ke6 {[%clk 0:00:07]} 53. Re3+
{[%clk 0:00:10]} Kf7 {[%clk 0:00:08]} 54. Kh4 {[%clk 0:00:09]} Kf6
{[%clk 0:00:09]} 55. Kg3 {[%clk 0:00:09]} Ra1 {[%clk 0:00:10]} 56. Rb3
{[%clk 0:00:10]} Rg1+ {[%clk 0:00:10]} 57. Kf2 {[%clk 0:00:12]} Rh1
{[%clk 0:00:10]} 58. Kg2 {[%clk 0:00:13]} Ra1 {[%clk 0:00:11]} 59. Kg3
{[%clk 0:00:14]} Rh1 {[%clk 0:00:11]} 60. Rb6+ {[%clk 0:00:15]} Kf7
{[%clk 0:00:12]} 61. Rb5 {[%clk 0:00:15]} Ke6 {[%clk 0:00:13]} 62. Re5+
{[%clk 0:00:16]} Kf6 {[%clk 0:00:14]} 63. Ra5 {[%clk 0:00:17]} Rh3+
{[%clk 0:00:14]} 64. Kg2 {[%clk 0:00:19]} Rb3 {[%clk 0:00:15]} 65. Ra6+
{[%clk 0:00:17]} Kf7 {[%clk 0:00:15]} 66. Ra5 {[%clk 0:00:17]} Ke6
{[%clk 0:00:16]} 67. Re5+ {[%clk 0:00:19]} Kf6 {[%clk 0:00:17]} 68. Ra5
{[%clk 0:00:20]} Rf3 69. Ra4 Kg6 {[%clk 0:00:18]} 70. Kh2 {[%clk 0:00:07]} Kh5
{[%clk 0:00:17]} 71. Kg2 {[%clk 0:00:08]} Kh4 {[%clk 0:00:15]} 72. Rb4
{[%clk 0:00:05]} Rg3+ {[%clk 0:00:10]} 73. Kf2 {[%clk 0:00:05]} Rxa3
{[%clk 0:00:11]} 74. Rb5 {[%clk 0:00:05]} Rf3+ {[%clk 0:00:12]} 0-1

[Event "Team Championship (men blitz)"]
[Site "Sochi"]
[Date "2017.10.05"]
[Round "5.18"]
[White "Potkin, Vladimir"]
[Black "Vokarev, Sergey"]
[Result "1-0"]
[LiveChessVersion "1.4.8"]
[BlackElo "2427"]
[WhiteElo "2497"]

1. Nf3 {[%clk 0:03:03]} Nf6 {[%clk 0:03:02]} 2. c4 {[%clk 0:03:04]} e6
{[%clk 0:03:02]} 3. Nc3 {[%clk 0:03:04]} d5 {[%clk 0:03:02]} 4. d4
{[%clk 0:03:05]} c5 {[%clk 0:03:02]} 5. e3 {[%clk 0:03:05]} Nc6 {[%clk 0:03:02]}
6. a3 {[%clk 0:03:06]} a6 {[%clk 0:03:01]} 7. dxc5 {[%clk 0:03:07]} Bxc5
{[%clk 0:03:01]} 8. b4 {[%clk 0:03:08]} Bd6 {[%clk 0:03:01]} 9. Bb2
{[%clk 0:03:09]} O-O {[%clk 0:02:58]} 10. cxd5 {[%clk 0:03:10]} exd5
{[%clk 0:02:56]} 11. Be2 {[%clk 0:03:11]} Be6 {[%clk 0:02:36]} 12. O-O
{[%clk 0:03:11]} Qe7 {[%clk 0:02:30]} 13. Rc1 {[%clk 0:03:11]} Rac8
{[%clk 0:02:28]} 14. b5 {[%clk 0:03:07]} axb5 {[%clk 0:02:26]} 15. Nxb5
{[%clk 0:03:08]} Bb8 {[%clk 0:02:25]} 16. Nbd4 {[%clk 0:02:56]} Rfd8
{[%clk 0:01:39]} 17. Qa4 {[%clk 0:02:54]} Nxd4 {[%clk 0:01:36]} 18. Qxd4
{[%clk 0:02:49]} Bd6 {[%clk 0:01:24]} 19. a4 {[%clk 0:02:49]} Bc5
{[%clk 0:01:21]} 20. Qh4 {[%clk 0:02:42]} Ne4 {[%clk 0:01:17]} 21. Qxe7
{[%clk 0:02:38]} Bxe7 {[%clk 0:01:17]} 22. Nd4 {[%clk 0:02:32]} Bd7
{[%clk 0:01:16]} 23. Bb5 {[%clk 0:02:25]} Bxb5 {[%clk 0:01:07]} 24. axb5
{[%clk 0:02:23]} Nd2 {[%clk 0:01:04]} 25. Rfd1 {[%clk 0:02:17]} Nc4
{[%clk 0:01:01]} 26. Bc3 {[%clk 0:02:17]} Bf6 {[%clk 0:00:56]} 27. g3
{[%clk 0:02:01]} h5 {[%clk 0:00:56]} 28. Ne2 {[%clk 0:02:00]} Bxc3
{[%clk 0:00:52]} 29. Rxc3 {[%clk 0:02:01]} Nb6 {[%clk 0:00:43]} 30. Rb3
{[%clk 0:01:29]} g6 {[%clk 0:00:40]} 31. Kg2 {[%clk 0:01:25]} Kf8
{[%clk 0:00:41]} 32. Nf4 {[%clk 0:01:26]} Rc5 {[%clk 0:00:36]} 33. Rd4
{[%clk 0:01:26]} Ke7 {[%clk 0:00:35]} 34. h3 {[%clk 0:01:25]} Rd7
{[%clk 0:00:31]} 35. g4 {[%clk 0:01:23]} hxg4 {[%clk 0:00:32]} 36. hxg4
{[%clk 0:01:24]} Rc4 {[%clk 0:00:29]} 37. Rbd3 {[%clk 0:01:24]} Rxd4
{[%clk 0:00:28]} 38. Rxd4 {[%clk 0:01:25]} Kd6 {[%clk 0:00:26]} 39. Nd3
{[%clk 0:01:14]} Rc7 {[%clk 0:00:21]} 40. Rf4 {[%clk 0:01:16]} Ke7
{[%clk 0:00:17]} 41. g5 {[%clk 0:01:14]} Nd7 {[%clk 0:00:08]} 42. Rd4
{[%clk 0:01:13]} Nb6 {[%clk 0:00:07]} 43. Rf4 {[%clk 0:01:06]} Nd7
{[%clk 0:00:08]} 44. Kg3 {[%clk 0:01:05]} Rc4 {[%clk 0:00:08]} 45. Rf3
{[%clk 0:00:44]} Rc3 {[%clk 0:00:07]} 46. Nf4 {[%clk 0:00:45]} Nb6
{[%clk 0:00:04]} 47. Ne2 {[%clk 0:00:44]} Rc4 {[%clk 0:00:04]} 48. Rf6
{[%clk 0:00:44]} Nd7 {[%clk 0:00:04]} 49. Rf4 {[%clk 0:00:27]} Nf8
{[%clk 0:00:05]} 50. Nd4 {[%clk 0:00:14]} Ne6 {[%clk 0:00:06]} 51. Nxe6
{[%clk 0:00:15]} Kxe6 {[%clk 0:00:05]} 52. Rf6+ {[%clk 0:00:16]} Ke7
{[%clk 0:00:06]} 53. Rb6 {[%clk 0:00:17]} Rc7 {[%clk 0:00:07]} 54. Kf4
{[%clk 0:00:19]} Rd7 {[%clk 0:00:05]} 55. Ke5 {[%clk 0:00:20]} Ke8
{[%clk 0:00:04]} 56. Rd6 {[%clk 0:00:19]} Rc7 {[%clk 0:00:04]} 57. Kxd5
{[%clk 0:00:17]} Rc2 {[%clk 0:00:05]} 58. f4 {[%clk 0:00:19]} Rb2
{[%clk 0:00:05]} 59. Rb6 {[%clk 0:00:19]} Rb3 {[%clk 0:00:05]} 60. e4
{[%clk 0:00:20]} Rf3 {[%clk 0:00:05]} 61. Ke5 {[%clk 0:00:21]} 1-0

[Event "Team Championship (men blitz)"]
[Site "Sochi"]
[Date "2017.10.05"]
[Round "5.19"]
[White "Kozlov, Oleg"]
[Black "Kobalia, Mikhail"]
[Result "0-1"]
[LiveChessVersion "1.4.8"]
[BlackElo "2568"]
[WhiteElo "2286"]

1. c4 {[%clk 0:03:03]} f5 {[%clk 0:03:02]} 2. Nf3 {[%clk 0:03:02]} Nf6
{[%clk 0:03:04]} 3. d4 {[%clk 0:03:01]} g6 {[%clk 0:03:04]} 4. Nc3
{[%clk 0:02:45]} Bg7 {[%clk 0:03:06]} 5. g3 {[%clk 0:02:36]} O-O {[%clk 0:03:06]}
6. Bg2 {[%clk 0:02:38]} d6 {[%clk 0:03:07]} 7. O-O {[%clk 0:02:35]} Nc6
{[%clk 0:03:09]} 8. d5 {[%clk 0:02:21]} Ne5 {[%clk 0:03:10]} 9. Nxe5
{[%clk 0:01:47]} dxe5 {[%clk 0:03:11]} 10. b3 {[%clk 0:01:48]} e4
{[%clk 0:03:04]} 11. Bb2 {[%clk 0:01:49]} e6 {[%clk 0:03:05]} 12. dxe6
{[%clk 0:01:10]} Bxe6 {[%clk 0:03:06]} 13. Qc2 {[%clk 0:01:06]} c6
{[%clk 0:03:06]} 14. Rad1 {[%clk 0:01:01]} Qe7 {[%clk 0:03:07]} 15. Qc1
{[%clk 0:00:51]} Rfd8 {[%clk 0:03:07]} 16. Rxd8+ {[%clk 0:00:41]} Rxd8
{[%clk 0:03:08]} 17. Rd1 {[%clk 0:00:43]} Ng4 {[%clk 0:03:00]} 18. Rxd8+
{[%clk 0:00:32]} Qxd8 {[%clk 0:03:01]} 19. h3 {[%clk 0:00:27]} Ne5
{[%clk 0:03:02]} 20. Na4 {[%clk 0:00:27]} Qd6 {[%clk 0:02:54]} 21. Kh2
{[%clk 0:00:21]} h5 {[%clk 0:02:54]} 22. h4 {[%clk 0:00:09]} b5 {[%clk 0:02:44]}
23. cxb5 {[%clk 0:00:07]} cxb5 {[%clk 0:02:45]} 24. Bxe5 {[%clk 0:00:07]} Bxe5
{[%clk 0:02:42]} 25. Nc5 {[%clk 0:00:08]} Bf7 {[%clk 0:02:41]} 26. e3
{[%clk 0:00:09]} Qc7 {[%clk 0:02:32]} 27. Bf1 {[%clk 0:00:08]} Qc6
{[%clk 0:01:59]} 28. Nd3 {[%clk 0:00:04]} Qxc1 {[%clk 0:01:55]} 29. Nxc1
{[%clk 0:00:04]} a6 {[%clk 0:01:50]} 30. Ne2 {[%clk 0:00:00]} Kf8
{[%clk 0:01:50]} 31. Nf4 0-1

[Event "Team Championship (men blitz)"]
[Site "Sochi"]
[Date "2017.10.05"]
[Round "5.20"]
[White "Motylev, Alexander"]
[Black "Ozgibcev, Anatoly"]
[Result "1-0"]
[LiveChessVersion "1.4.8"]
[BlackElo "2354"]
[WhiteElo "2551"]

1. e4 {[%clk 0:03:02]} e5 {[%clk 0:03:03]} 2. Nf3 {[%clk 0:03:03]} Nc6
{[%clk 0:03:04]} 3. Bb5 {[%clk 0:03:03]} Nge7 {[%clk 0:03:05]} 4. c3
{[%clk 0:02:57]} a6 {[%clk 0:02:42]} 5. Ba4 {[%clk 0:02:57]} g6 {[%clk 0:02:33]}
6. d4 {[%clk 0:02:57]} exd4 {[%clk 0:02:34]} 7. cxd4 {[%clk 0:02:58]} Bg7
{[%clk 0:02:35]} 8. d5 {[%clk 0:02:56]} Na5 {[%clk 0:02:27]} 9. Nbd2
{[%clk 0:02:48]} b5 {[%clk 0:02:17]} 10. Bc2 {[%clk 0:02:49]} O-O
{[%clk 0:02:12]} 11. O-O {[%clk 0:02:50]} d6 {[%clk 0:02:11]} 12. Rb1
{[%clk 0:02:50]} c5 {[%clk 0:02:05]} 13. b3 {[%clk 0:02:44]} Bd7 {[%clk 0:01:55]}
14. Re1 {[%clk 0:02:45]} b4 {[%clk 0:01:45]} 15. Bd3 {[%clk 0:02:24]} Bb5
{[%clk 0:01:37]} 16. Qe2 {[%clk 0:02:26]} Bxd3 {[%clk 0:00:59]} 17. Qxd3 Re8 18.
a3 {[%clk 0:02:17]} Bc3 {[%clk 0:00:47]} 19. Bb2 {[%clk 0:02:08]} Bxb2
{[%clk 0:00:45]} 20. Rxb2 {[%clk 0:02:09]} Rb8 {[%clk 0:00:23]} 21. Ra2
{[%clk 0:02:09]} Qb6 {[%clk 0:00:20]} 22. Rea1 {[%clk 0:01:58]} c4
{[%clk 0:00:14]} 23. bxc4 {[%clk 0:01:47]} b3 {[%clk 0:00:09]} 24. Rb2
{[%clk 0:01:48]} Qc5 {[%clk 0:00:07]} 25. Nd4 {[%clk 0:01:49]} f5
{[%clk 0:00:06]} 26. exf5 {[%clk 0:01:49]} Nxf5 {[%clk 0:00:06]} 27. Nxf5
{[%clk 0:01:26]} gxf5 {[%clk 0:00:07]} 28. h3 {[%clk 0:01:23]} Re5
{[%clk 0:00:05]} 29. Qc3 {[%clk 0:01:16]} Rbe8 {[%clk 0:00:05]} 30. Nxb3
{[%clk 0:01:13]} Qxc4 {[%clk 0:00:03]} 31. Qxa5 {[%clk 0:01:08]} Re1+
{[%clk 0:00:00]} 32. Rxe1 {[%clk 0:01:08]} Rxe1+ {[%clk 0:00:00]} 33. Qxe1
{[%clk 0:01:08]} Qxd5 1-0

[Event "Team Championship (men blitz)"]
[Site "Sochi"]
[Date "2017.10.05"]
[Round "5.21"]
[White "Goryachkina, Aleksandra"]
[Black "Dubov, Daniil"]
[Result "1/2-1/2"]
[LiveChessVersion "1.4.8"]
[BlackElo "2775"]
[WhiteElo "2401"]

1. e4 {[%clk 0:03:03]} g6 {[%clk 0:03:03]} 2. d4 {[%clk 0:03:04]} d6
{[%clk 0:03:04]} 3. c4 {[%clk 0:03:03]} e5 {[%clk 0:03:05]} 4. d5
{[%clk 0:03:03]} Bh6 {[%clk 0:03:04]} 5. Nc3 {[%clk 0:03:03]} Nd7
{[%clk 0:03:01]} 6. Be2 {[%clk 0:03:02]} a5 {[%clk 0:02:59]} 7. Bg4
{[%clk 0:03:01]} Bxc1 {[%clk 0:02:55]} 8. Rxc1 {[%clk 0:03:01]} f5
{[%clk 0:02:34]} 9. exf5 {[%clk 0:02:57]} Ndf6 {[%clk 0:02:35]} 10. Bh3
{[%clk 0:02:54]} g5 {[%clk 0:02:24]} 11. Nge2 {[%clk 0:02:49]} g4
{[%clk 0:02:24]} 12. Bxg4 {[%clk 0:02:37]} Nxg4 {[%clk 0:02:25]} 13. h3
{[%clk 0:02:37]} Qh4 {[%clk 0:02:15]} 14. g3 {[%clk 0:02:16]} Qh6
{[%clk 0:02:14]} 15. Nb5 {[%clk 0:02:12]} Kd8 {[%clk 0:02:00]} 16. c5
{[%clk 0:02:12]} Bxf5 {[%clk 0:01:49]} 17. cxd6 {[%clk 0:02:07]} cxd6
{[%clk 0:01:49]} 18. Qb3 {[%clk 0:01:51]} Rc8 {[%clk 0:01:21]} 19. Rxc8+
{[%clk 0:01:45]} Bxc8 {[%clk 0:01:20]} 20. Na7 {[%clk 0:01:37]} Ne7
{[%clk 0:00:17]} 21. Qb6+ {[%clk 0:01:37]} Ke8 {[%clk 0:00:17]} 22. Nxc8
{[%clk 0:01:28]} Nxc8 {[%clk 0:00:17]} 23. Qc7 {[%clk 0:01:28]} Ne7
{[%clk 0:00:05]} 24. Qb8+ {[%clk 0:01:28]} Kf7 {[%clk 0:00:06]} 25. Qxh8
{[%clk 0:01:17]} Ng8 {[%clk 0:00:07]} 26. hxg4 {[%clk 0:00:48]} Qxh1+
{[%clk 0:00:07]} 27. Kd2 {[%clk 0:00:49]} Qxd5+ {[%clk 0:00:07]} 28. Kc1
{[%clk 0:00:47]} Qc4+ {[%clk 0:00:06]} 29. Nc3 {[%clk 0:00:48]} Qf1+
{[%clk 0:00:06]} 30. Kc2 {[%clk 0:00:47]} Qxf2+ {[%clk 0:00:07]} 31. Kb3
{[%clk 0:00:48]} Qb6+ {[%clk 0:00:07]} 32. Kc2 {[%clk 0:00:48]} Qf2+
{[%clk 0:00:07]} 33. Kb3 {[%clk 0:00:50]} a4+ {[%clk 0:00:05]} 34. Kxa4
{[%clk 0:00:44]} Qxb2 {[%clk 0:00:04]} 35. Qxh7+ {[%clk 0:00:43]} Kf8
{[%clk 0:00:05]} 36. Qf5+ {[%clk 0:00:43]} Ke8 {[%clk 0:00:05]} 37. Qc8+
{[%clk 0:00:42]} Kf7 {[%clk 0:00:05]} 38. Qf5+ {[%clk 0:00:43]} Nf6
{[%clk 0:00:04]} 39. g5 {[%clk 0:00:36]} b5+ {[%clk 0:00:06]} 40. Nxb5
{[%clk 0:00:33]} Qxa2+ {[%clk 0:00:07]} 41. Kb4 {[%clk 0:00:34]} Qd2+
{[%clk 0:00:07]} 42. Ka4 {[%clk 0:00:34]} Qd1+ {[%clk 0:00:08]} 43. Ka5
{[%clk 0:00:34]} Qe1+ {[%clk 0:00:08]} 44. Ka6 {[%clk 0:00:30]} Qa1+
{[%clk 0:00:06]} 45. Kb7 {[%clk 0:00:18]} e4 {[%clk 0:00:08]} 46. Nxd6+
{[%clk 0:00:16]} Ke7 {[%clk 0:00:09]} 47. Qxf6+ {[%clk 0:00:14]} Qxf6
{[%clk 0:00:09]} 48. Nc8+ {[%clk 0:00:08]} Kf8 {[%clk 0:00:11]} 49. gxf6
{[%clk 0:00:08]} e3 {[%clk 0:00:12]} 50. Nb6 {[%clk 0:00:05]} Ke8
{[%clk 0:00:05]} 51. f7+ {[%clk 0:00:05]} Kxf7 {[%clk 0:00:05]} 52. Nd7
{[%clk 0:00:06]} Ke6 {[%clk 0:00:04]} 53. Nc5+ {[%clk 0:00:07]} Kf5
{[%clk 0:00:04]} 54. Nd3 {[%clk 0:00:08]} Kg4 {[%clk 0:00:04]} 55. Kc6
{[%clk 0:00:09]} Kxg3 {[%clk 0:00:04]} 56. Kd5 {[%clk 0:00:11]} 1/2-1/2

[Event "Team Championship (men blitz)"]
[Site "Sochi"]
[Date "2017.10.05"]
[Round "5.22"]
[White "Morozevich, Alexander"]
[Black "Potapov, Pavel"]
[Result "1-0"]
[LiveChessVersion "1.4.8"]
[BlackElo "2451"]
[WhiteElo "2642"]

1. e4 {[%clk 0:03:03]} c5 {[%clk 0:03:03]} 2. Nf3 {[%clk 0:03:02]} Nc6
{[%clk 0:03:04]} 3. d4 {[%clk 0:03:03]} cxd4 {[%clk 0:03:04]} 4. Nxd4
{[%clk 0:03:04]} e5 {[%clk 0:03:05]} 5. Nb5 {[%clk 0:03:03]} d6 {[%clk 0:03:06]}
6. c4 {[%clk 0:03:04]} Be7 {[%clk 0:03:06]} 7. Bd3 {[%clk 0:03:04]} Nf6
{[%clk 0:03:05]} 8. O-O {[%clk 0:03:03]} O-O {[%clk 0:03:05]} 9. N1c3
{[%clk 0:03:02]} a6 {[%clk 0:03:05]} 10. Na3 {[%clk 0:03:05]} Be6
{[%clk 0:03:06]} 11. Nc2 {[%clk 0:02:55]} Nd7 {[%clk 0:03:06]} 12. Ne3
{[%clk 0:02:54]} Rc8 {[%clk 0:03:06]} 13. b3 {[%clk 0:02:54]} Nc5
{[%clk 0:03:04]} 14. Bb2 {[%clk 0:02:52]} Bg5 {[%clk 0:02:55]} 15. Re1
{[%clk 0:02:44]} Qf6 {[%clk 0:01:49]} 16. Bf1 {[%clk 0:02:44]} Qg6
{[%clk 0:01:46]} 17. Nf5 {[%clk 0:02:25]} Rcd8 {[%clk 0:01:31]} 18. Ng3
{[%clk 0:02:21]} Bf4 {[%clk 0:01:25]} 19. a3 {[%clk 0:01:51]} Nd4
{[%clk 0:01:15]} 20. b4 {[%clk 0:01:50]} Ncb3 {[%clk 0:01:16]} 21. Ra2
{[%clk 0:01:38]} Nd2 {[%clk 0:01:16]} 22. Nd5 {[%clk 0:01:34]} Bxd5
{[%clk 0:00:58]} 23. exd5 {[%clk 0:01:35]} Bxg3 {[%clk 0:00:51]} 24. hxg3
{[%clk 0:01:25]} Nxf1 {[%clk 0:00:45]} 25. Bxd4 {[%clk 0:01:08]} Nxg3
{[%clk 0:00:30]} 26. Bb6 {[%clk 0:01:09]} Nf5 {[%clk 0:00:27]} 27. Bxd8
{[%clk 0:01:10]} Rxd8 {[%clk 0:00:28]} 28. c5 {[%clk 0:01:08]} Nd4
{[%clk 0:00:24]} 29. Rd2 {[%clk 0:01:04]} Nb5 {[%clk 0:00:10]} 30. a4
{[%clk 0:00:57]} Nd4 {[%clk 0:00:06]} 31. Rxd4 {[%clk 0:00:58]} exd4
{[%clk 0:00:07]} 32. c6 {[%clk 0:00:59]} d3 {[%clk 0:00:04]} 33. Re3
{[%clk 0:00:52]} h6 {[%clk 0:00:03]} 34. b5 {[%clk 0:00:52]} axb5
{[%clk 0:00:04]} 35. axb5 {[%clk 0:00:54]} b6 {[%clk 0:00:04]} 36. Qxd3
{[%clk 0:00:52]} Qf6 {[%clk 0:00:05]} 37. g3 {[%clk 0:00:47]} Ra8
{[%clk 0:00:05]} 38. Kg2 {[%clk 0:00:48]} h5 {[%clk 0:00:07]} 39. Re4
{[%clk 0:00:47]} g5 {[%clk 0:00:07]} 40. Qd4 {[%clk 0:00:48]} Qf5
{[%clk 0:00:06]} 41. Re3 {[%clk 0:00:43]} Ra2 {[%clk 0:00:05]} 42. Re8+
{[%clk 0:00:43]} Kh7 {[%clk 0:00:04]} 43. Qh8+ {[%clk 0:00:45]} 1-0